The Need for "Un-consolidating" Consolidated Banks' Stress Tests /

The recent crisis has spurred the use of stress tests as a (crisis) management and early warning tool. However, a weakness is that they omit potential risks embedded in the banking groups' geographical structures by assuming that capital and liquidity are available wherever they are needed with...

وصف كامل

التفاصيل البيبلوغرافية
المؤلف الرئيسي: Cerutti, Eugenio
مؤلفون آخرون: Schmieder, Christian
التنسيق: دورية
اللغة:English
منشور في: Washington, D.C. : International Monetary Fund, 2012.
سلاسل:IMF Working Papers; Working Paper ; No. 2012/288
الوصول للمادة أونلاين:Full text available on IMF
LEADER 01938cas a2200253 a 4500
001 AALejournalIMF013227
008 230101c9999 xx r poo 0 0eng d
020 |c 5.00 USD 
020 |z 9781475519051 
022 |a 1018-5941 
040 |a BD-DhAAL  |c BD-DhAAL 
100 1 |a Cerutti, Eugenio. 
245 1 4 |a The Need for "Un-consolidating" Consolidated Banks' Stress Tests /  |c Eugenio Cerutti, Christian Schmieder. 
264 1 |a Washington, D.C. :  |b International Monetary Fund,  |c 2012. 
300 |a 1 online resource (21 pages) 
490 1 |a IMF Working Papers 
500 |a <strong>Off-Campus Access:</strong> No User ID or Password Required 
500 |a <strong>On-Campus Access:</strong> No User ID or Password Required 
506 |a Electronic access restricted to authorized BRAC University faculty, staff and students 
520 3 |a The recent crisis has spurred the use of stress tests as a (crisis) management and early warning tool. However, a weakness is that they omit potential risks embedded in the banking groups' geographical structures by assuming that capital and liquidity are available wherever they are needed within the group. This assumption neglects the fact that regulations differ across countries (e.g., minimum capital requirements), and, more importantly, that home/host regulators might limit flows of capital or liquidity within a group during periods of stress. This study presents a framework on how to integrate this risk element into stress tests, and provides illustrative calculations on the size of the potential adjustments needed in the presence of some limits on intragroup flows for banks included in the June 2011 EBA stress tests. 
538 |a Mode of access: Internet 
700 1 |a Schmieder, Christian. 
830 0 |a IMF Working Papers; Working Paper ;  |v No. 2012/288 
856 4 0 |z Full text available on IMF  |u http://elibrary.imf.org/view/journals/001/2012/288/001.2012.issue-288-en.xml  |z IMF e-Library